| 000 | 00946cam a2200289 i 4500 | ||
|---|---|---|---|
| 001 | 12003 | ||
| 003 | Mx-PuUPA | ||
| 005 | 20240226123626.0 | ||
| 008 | 140415s2015 enka gr 001 0 eng d | ||
| 020 | _a9780198332565 | ||
| 040 |
_aMx-PuUPA _bspa _cMx-PuUPA _dMx-PuUPA _erda |
||
| 041 | 0 | _aeng | |
| 100 | 1 |
_aRutherford, Jill, _eautor |
|
| 245 | 1 | 0 |
_aEnvironmental systems and societies : _bcourse companion / _cJill Rutherford, Gillian Williams |
| 250 | _a2015 edition | ||
| 264 | 1 |
_aOxford : _bOxford University Press, _c2015 |
|
| 300 |
_axii, 436 páginas : _bilustraciones ; _c28 cm |
||
| 336 |
_2rdacontent _atexto _btxt |
||
| 337 |
_2rdamedia _asin medio _bn |
||
| 338 |
_2rdacarrier _avolumen _bnc |
||
| 490 | 0 | _aOxford IB Diploma Programme | |
| 650 | 7 |
_2armarc _aCiencias mediambientales |
|
| 700 | 1 |
_aWilliams, Gillian, _eautor |
|
| 942 |
_2ddc _cLI _h363.7 _iR972 |
||
| 999 |
_c12003 _d12003 |
||